00534nam a2200217Ia 4500008004100000041001200041082000800053082001100061100001700072100001100089245002900100260001500129260002400144260000900168300001500177365002500192440003800217650001500255650002500270650002100295150909s9999 xx 000 0 und d aEnglish a150 bKOR/PS aKorman A K  eAuthor aPsychology of motivation aNew Jersey bPrentice - Hall Inc c1974 a291 Pages aRs .58 .20  aPrentice - Hall psychology Series aaggression aHomeo static theorry asocial influence